| 000 | 01484nam a2200349 a 4500 | ||
|---|---|---|---|
| 001 | ebr10454814 | ||
| 003 | CaPaEBR | ||
| 006 | m u | ||
| 007 | cr cn||||||||| | ||
| 008 | 101025s2011 mdua sb 001 0 eng d | ||
| 010 | _z 2010043989 | ||
| 020 | _z9780810878044 (pbk. : alk. paper) | ||
| 020 | _z9780810875425 (e-book) | ||
| 040 |
_aCaPaEBR _cCaPaEBR |
||
| 035 | _a(OCoLC)712779116 | ||
| 043 | _an-us--- | ||
| 050 | 1 | 4 |
_aJF1525.I6 _bL34 2011eb |
| 082 | 0 | 4 |
_a353.1/70973 _222 |
| 100 | 1 |
_aLahneman, William J., _d1952- |
|
| 245 | 1 | 0 |
_aKeeping U.S. intelligence effective _h[electronic resource] : _bthe need for a revolution in intelligence affairs / _cWilliam J. Lahneman. |
| 260 |
_aLanham, Md. : _bScarecrow Press, _c2011. |
||
| 300 |
_axxvi, 201 p. : _bill. |
||
| 490 | 1 |
_aScarecrow professional intelligence education series ; _vno. 13 |
|
| 504 | _aIncludes bibliographical references and index. | ||
| 533 |
_aElectronic reproduction. _bPalo Alto, Calif. : _cebrary, _d2011. _nAvailable via World Wide Web. _nAccess may be limited to ebrary affiliated libraries. |
||
| 650 | 0 |
_aIntelligence service _zUnited States. |
|
| 650 | 0 |
_aIntelligence service _zUnited States _xReorganization. |
|
| 655 | 7 |
_aElectronic books. _2local |
|
| 710 | 2 | _aebrary, Inc. | |
| 830 | 0 |
_aScarecrow professional intelligence education ; _v13. |
|
| 856 | 4 | 0 |
_uhttp://site.ebrary.com/lib/rucke/Doc?id=10454814 _zAn electronic book accessible through the World Wide Web; click to view |
| 999 |
_c124281 _d124281 |
||